Statistiques concernant 20 plus grandes villes de France

Cliquez ici pour prendre le quiz!

Statistiques générales

  • Ce quiz a été pris 212 fois
  • Le résultat moyen est 16 sur 20

Statistiques - réponses

HabitantsVille% Correct
2 206 488Paris
100%
861 635Marseille
99%
249 712Bordeaux
96%
232 741Lille
96%
513 275Lyon
96%
342 522Nice
95%
277 270Strasbourg
94%
303 382Nantes
93%
471 941Toulouse
93%
277 639Montpellier
87%
215 366Rennes
85%
160 649Grenoble
78%
167 479Toulon
73%
155 114Dijon
68%
184 076Reims
67%
151 520Angers
65%
172 366Le Havre
65%
171 057Saint-étienne
65%
150 672Nimes
59%
148 665Villeurbanne
33%

Distribution des résultats

Percentile par nombre de réponses

% des personnes avec chaque résultat

Votre développement - résultats

Vous n’avez pas pris ce quiz